00978 a2200193 45000010006000000050017000060080041000230030015000640400040000790800052001192450107001710200022002782500012003002640031003123000025003435050282003681000028006508560106006782130820260407155504.0260407a2013 arg spa dAR-UNSa-BCEJYS aAR-UNSa-BCEJYSbspacAR-UNSa-BCEJYS a336.2xIngresos públicos (Derecho tributario)10aCurso de derecho tributariopingresos públicos, normas tributarias, relación jurídica tributaria a978-9974-708-07-5 a4a. ed. 1aMontevideo :bB de Fc2013 axxxi, 424 p.c23 cm. a1. Los ingresos públicos - 2. Precios financieros - 3. Teoría de los tributos - 4. El impuesto - 5. La tasa - 6. La contribución especial - 7. Las normas tributarias - 8. Interpretación - 9. La relación jurídica tributaria - 10. Proceso formativo de la obligación1 aValdés Costa, Ramón41uhttps://biblioeco.unsa.edu.ar/pmb/images/libros/Derecho Tributario.jpgyImagen de portadaqimage/jpeg